R(on the application of J A Pye (Oxford) Ltd v Oxford CC (Record no. 71725)

MARC details
000 -LEADER
fixed length control field 00900cam a2200169 4500
001 - CONTROL NUMBER
control field X120700
008 - FIXED-LENGTH DATA ELEMENTS--GENERAL INFORMATION
fixed length control field 021206n2002 000 0 eng u
035 ## - SYSTEM CONTROL NUMBER
System control number (Sirsi) u120700
245 ## - TITLE STATEMENT
Title R(on the application of J A Pye (Oxford) Ltd v Oxford CC
260 ## - PUBLICATION, DISTRIBUTION, ETC.
Date of publication, distribution, etc. 2002
490 ## - SERIES STATEMENT
Series statement Property, Planning and Compensation Reports
Volume/sequential designation [2002] 2 P&CR 568-596(29)
520 ## - SUMMARY, ETC.
Summary, etc. QBD 26 October 2001. Development plans. Review of local plan commenced. Adoption of supplementary planning guidance on affordable housing. Whether policies lawfully introduced by way of such guideance. Whether local planning authority had taken into account all material considerations when deciding to introduce Supplementary Planning Guidance. (Taken from journal headnote)
650 ## - SUBJECT ADDED ENTRY--TOPICAL TERM
Topical term or geographic name entry element R V OXFORD CITY COUNCIL EX P J A PYE (OXFORD) LTD
650 ## - SUBJECT ADDED ENTRY--TOPICAL TERM
Topical term or geographic name entry element LOCAL PLAN
690 ## - LOCAL SUBJECT ADDED ENTRY--TOPICAL TERM (OCLC, RLIN)
Topical term or geographic name as entry element PLANNING LAW AND PRACTICE-CASE LAW
942 ## - ADDED ENTRY ELEMENTS (KOHA)
Suppress in OPAC 0
Holdings
Withdrawn status Lost status Source of classification or shelving scheme Damaged status Not for loan Home library Current library Shelving location Date acquired Total Checkouts Full call number Barcode Date last seen Copy number Price effective from Koha item type
    Dewey Decimal Classification     London London Journal article 06/12/2002   X120700 120700-1001 06/08/2019 1 06/08/2019 Law report